Causas y efectos de los procesos de integración económica en el mundo actual /

Salvato in:
Dettagli Bibliografici
Autore principale: Wyndham White, Eric
Natura: testo
Tags: Aggiungi Tag
Nessun Tag, puoi essere il primo ad aggiungerne!!

MARC

LEADER 00000 a a2200000 04500
001 16067
003
040
100 |a Wyndham White, Eric  
245 |a Causas y efectos de los procesos de integración económica en el mundo actual /  |c Eric Wyndham White 
773 |g número 11; páginas 21-31  
999 |c 40074  |d 40074